Transistor circuit analysis and application / (Record no. 182376)
[ view plain ]
| 000 -LEADER | |
|---|---|
| fixed length control field | 00883 a2200193 4500 |
| 003 - CONTROL NUMBER IDENTIFIER | |
| control field | Nust |
| 005 - DATE AND TIME OF LATEST TRANSACTION | |
| control field | 20221207191440.0 |
| 010 ## - LIBRARY OF CONGRESS CONTROL NUMBER | |
| LC control number | 75035697 |
| 020 ## - INTERNATIONAL STANDARD BOOK NUMBER | |
| International Standard Book Number | 0879098376 : |
| 040 ## - CATALOGING SOURCE | |
| Transcribing agency | Nust |
| 082 00 - DEWEY DECIMAL CLASSIFICATION NUMBER | |
| Classification number | 621.38153,ZIE |
| 100 1# - MAIN ENTRY--PERSONAL NAME | |
| Personal name | Zeines, Ben, |
| 9 (RLIN) | 103413 |
| 245 10 - TITLE STATEMENT | |
| Title | Transistor circuit analysis and application / |
| Statement of responsibility, etc. | Ben Zeines. |
| 260 ## - PUBLICATION, DISTRIBUTION, ETC. | |
| Place of publication, distribution, etc. | Reston, Va. : |
| Name of publisher, distributor, etc. | Reston Pub. Co., |
| Date of publication, distribution, etc. | c1976. |
| 300 ## - PHYSICAL DESCRIPTION | |
| Extent | x, 374 p. : |
| Other physical details | ill. ; |
| Dimensions | 24 cm. |
| 505 ## - FORMATTED CONTENTS NOTE | |
| Formatted contents note | Semiconductor Diodes (Page-1), Introduction To Transistors (Page-27), Small Signal Amplifiers(Page-75), Transistorized Voltage Amplifiers (Page-95), Rectifiers And Filters (Page-153), Power Amplifiers (Page-189), Feedback Amplifiers And Oscillators(Page-217), Sinusoidal Oscillators (Page-240), Modulation (Page-268), Demodulators (Page-294), Recover Circuits (Page-321). |
| 650 #0 - SUBJECT ADDED ENTRY--TOPICAL TERM | |
| Topical term or geographic name entry element | Telecommunication Engineering |
| 942 ## - ADDED ENTRY ELEMENTS (KOHA) | |
| Source of classification or shelving scheme | |
| Koha item type | Book |
| Withdrawn status | Lost status | Source of classification or shelving scheme | Damaged status | Not for loan | Permanent Location | Current Location | Shelving location | Date acquired | Full call number | Barcode | Date last seen | Price effective from | Koha item type | Public note |
|---|---|---|---|---|---|---|---|---|---|---|---|---|---|---|
| Military College of Signals (MCS) | Military College of Signals (MCS) | General Stacks | 12/12/2016 | 621.38153,ZEI | MCS7354 | 12/08/2016 | 12/12/2016 | Book | Almirah No.34, Shelf No.3 | |||||
| Military College of Signals (MCS) | Military College of Signals (MCS) | General Stacks | 12/12/2016 | 621.38153,ZEI | MCS7396 | 12/08/2016 | 12/12/2016 | Book | Almirah No.34, Shelf No.3 |
